00322nam a2200121Ia 4500008004100000020001500041041001200056100002200068245006300090260003000153300001000183650000700193221030s9999 xx 000 0 und d a9350389577 aEnglish aA. A. Puntambekar 0aTheory & Automata & Formal Languagescby A. A. Puntambekar bTechnical PubaPunec2014 a6.102 aIT